000 00635nam a22001937a 4500
003 DO-SdBNP
005 20171205091552.0
008 171121b 1975 mx a ||||| |||| 00| 0 spa d
040 _aBPMSU
_bspa
_cBPMSU
092 _axxxx
_bxxxx
100 1 _aJagot, Paul C.
245 1 0 _aFisiognomonía /
_cPaul C. Jagot ; traducción del francés : Beatriz Zapata Romero.
260 _aMéxico, D.F. :
_bGómez y Hnos. Editores,
_c1975.
300 _a127 p. :
_bil. ;
_c21 cm.
700 1 0 _aZapata Romero, Beatriz,
_etr.
942 _2ddc
_cBK
945 _ainventariado extranjero / DG
956 _aLOPEREZ
_b10
_c20171121
_h0041
_iBPMSU
999 _c12987
_d12987